[Event "FRA-chT4 0809"]
[Site "France "]
[Date "2009.03.15"]
[Round "6.6"]
[White "Rouqual, Guy"]
[Black "Toullec, Renan"]
[Result "0-1"]
[WhiteElo "1730"]
[BlackElo "1614"]
[PlyCount "80"]
[EventDate "2008.10.??"]
[EventType "team-tourn"]
[EventRounds "9"]
[EventCountry "FRA"]
[SourceTitle "EXT 2010"]
[Source "ChessBase"]
[SourceDate "2010.11.25"]
[SourceVersion "1"]
[SourceVersionDate "2010.11.25"]
[SourceQuality "1"]

1. d4 d5 2. Nf3 Nf6 3. e3 e6 4. Bd3 c5 5. c3 a6 6. Nbd2 c4 7. Bc2 Nbd7 8. e4 dxe4 9. Nxe4 b5 10. 0-0 Bb7 11. Re1 Be7 12. Ng3 0-0 13. Bg5 h6 14. Bf4 Nd5 15. Be5 f6 16. Bf4 Nxf4 17. Qd2 Bxf3 18. Qxf4 Bd5 19. Nh5 f5 20. Re2 Nf6 21. Ng3 Bd6 22. Qh4 Bxg3 23. Qxg3 Qb8 24. Qg6 Qf4 25. Rae1 Qg4 26. Qxg4 Nxg4 27. Bd1 Nf6 28. Re3 Ne4 29. f3 Nd6 30. Kf2 Rae8 31. g3 f4 32. Re5 fxg3+ 33. hxg3 Rf6 34. Bc2 Rxf3+ 35. Kg2 Rxc3+ 36. Be4 Rc2+ 37. Kh3 Nxe4 38. R5xe4 Bxe4 39. Rxe4 Rxb2 40. a4 c3 0-1